Every War Canada has Fought in - Statistics

General Stats
  • This quiz has been taken 27 times
  • The average score is 4 of 6
Answer Stats
Years Involved War % Correct
(1914-1918) World War 1
95%
(1939-1945) World War 2
95%
(1950-1953) Korean War
77%
(1990-1991) Gulf War
68%
(1899-1902) Second Boer War
23%
(2001-2014) War in Afghanistan
18%
No matching quizzes found
Score Distribution
Percent of People with Each Score
Percentile by Number Answered
Your Score History
You have not taken this quiz